书目信息 |
| 题名: |
花卉图案设计与应用
|
|
| 作者: | 程素英 著 | |
| 分册: | ||
| 出版信息: | 上海 东华大学出版社 2023.06 |
|
| 页数: | 122页 | |
| 开本: | 26cm | |
| 丛书名: | ||
| 单 册: | ||
| 中图分类: | J522.3 | |
| 科图分类: | ||
| 主题词: | 花卉图案--图案设计--教材 | |
| 电子资源: | ||
| ISBN: | 978-7-5669-2215-1 | |
| 000 | 01151nam0 2200241 450 | |
| 001 | 012560753 | |
| 005 | 20251022195621.12 | |
| 010 | @a978-7-5669-2215-1@dCNY59.00 | |
| 100 | @a20230926d2023 em y0chiy0120 ea | |
| 101 | 0 | @achi |
| 102 | @aCN@b310000 | |
| 105 | @aa z 000yy | |
| 106 | @ar | |
| 200 | 1 | @a花卉图案设计与应用@9hua hui tu an she ji yu ying yong@f程素英著 |
| 210 | @a上海@c东华大学出版社@d2023.06 | |
| 215 | @a122页@d26cm | |
| 300 | @a纺织服装教育“十四五”部委级规划教材 艺术教育新形态教材 | |
| 330 | @a本书主要介绍“图案”的由来、分类、设计目的、设计的形式美法则、素材的收集与变化,另根据项目化教学讲解花卉图案设计的要素、花卉图案的表现方式、花卉图案的表现方法等,为新形态教材。书中内含诸多国际一线品牌在内的大量优秀原创服饰图案作品图例,能让读者从对服饰图案设计有直观了解的同时进一步感知图案设计的艺术表现力。全书以图为主,在强化专业基本知识和技能训练的同时注重创意设计思维的培养,为广大高等艺术设计专业学生提供灵感启发和有效可行的图案设计方法。 | |
| 606 | 0 | @a花卉图案@x图案设计@j教材 |
| 690 | @aJ522.3@v5 | |
| 701 | 0 | @a程素英@9cheng su ying@4著 |
| 801 | 0 | @aCN@c20250905 |
| 905 | @a河南城建学院图书馆@dJ522@eC768@ZC768@f1 | |
| 花卉图案设计与应用/程素英著.-上海:东华大学出版社,2023.06 |
| 122页;26cm |
| 纺织服装教育“十四五”部委级规划教材 艺术教育新形态教材 |
| ISBN 978-7-5669-2215-1:CNY59.00 |
| 本书主要介绍“图案”的由来、分类、设计目的、设计的形式美法则、素材的收集与变化,另根据项目化教学讲解花卉图案设计的要素、花卉图案的表现方式、花卉图案的表现方法等,为新形态教材。书中内含诸多国际一线品牌在内的大量优秀原创服饰图案作品图例,能让读者从对服饰图案设计有直观了解的同时进一步感知图案设计的艺术表现力。全书以图为主,在强化专业基本知识和技能训练的同时注重创意设计思维的培养,为广大高等艺术设计专业学生提供灵感启发和有效可行的图案设计方法。 |
| ● |
| 相关链接 |
|
|
|
正题名:花卉图案设计与应用
索取号:J522/C768
 
预约/预借
| 序号 | 登录号 | 条形码 | 馆藏地/架位号 | 状态 | 备注 |
| 1 | 1631504 | 216315048 | 社科库309/309社科库 86排2列4层/ [索取号:J522/C768] | 在馆 |